| 000 | 00619nam a22001937a 4500 | ||
|---|---|---|---|
| 005 | 20141013111728.0 | ||
| 010 | _aENG-110943 | ||
| 020 |
_a9789383420278 _c300.00 |
||
| 035 | _aEN-94475 | ||
| 037 | _bDBAD/PUB | ||
| 082 | _a531.01515 | ||
| 100 | _aChatterjee, Utpal | ||
| 245 |
_aAdvanced analytical dynamics : _cby Utpal Chatterjee _bdynamics of particle / |
||
| 260 |
_aKolkata _bAcademic Publishers _c2014 |
||
| 270 |
_a5A, Bhawani Dutta Lane _bKolkata _e700073 |
||
| 300 |
_aviii,443p. _c24cm(pbk) |
||
| 500 | _aIncludes bibliographical references and index | ||
| 942 |
_2ddc _cEN _mCHA _h531.01515 |
||
| 999 |
_c88968 _d88968 |
||